000 00664nam a2200265Ia 4500
005 20260121165116.0
008 008 260114s9999 xx 000 0 eng d
020 _a9781137584137
037 _aEBOOK
040 _aCRL
040 _beng
040 _cCRL
041 _2eng
041 _aeng
084 _qCRL
100 _aWalter Nicgorski
_91047625
245 0 _aCicero’s Skepticism and His Recovery of Political Philosophy
260 _bSpringer
260 _bSpringer
260 _c2016
856 _uhttps://link.springer.com/openurl?genre=book&isbn=978-1-137-58413-7
942 _cEBOOK
999 _c1613350
_d1613350